[Event "Moscow Open 2007"]
[Site "Moscow"]
[Date "2007.02.03"]
[Round "8"]
[White "Kosov, Ivan"]
[Black "Smirnov, Igor"]
[Result "1/2-1/2"]
[WhiteElo "2354"]
[BlackElo "2439"]
[PlyCount "50"]
[EventDate "2007.??.??"]

1. e4 c5 2. Nf3 e6 3. c4 Nc6 4. Nc3 Nf6 5. Be2 Qc7 6. O-O a6 7. a3 Bd6 8. g3 b6
9. d3 Bb7 10. Re1 O-O 11. Bf1 Be7 12. Bg2 Rfd8 13. Bf4 d6 14. Rb1 Nd7 15. Qd2
Nde5 16. h3 Nxf3+ 17. Bxf3 Bf6 18. Bg2 Rab8 19. b4 Nd4 20. Ne2 Bc6 21. Nxd4
Bxd4 22. Be3 Bxe3 23. Qxe3 e5 24. f4 Qe7 25. Rec1 Rdc8 1/2-1/2

[Event "Moscow Open 2007"]
[Site "Moscow"]
[Date "2007.02.03"]
[Round "8"]
[White "Repina, Varvara"]
[Black "Demchenko, Anton"]
[Result "0-1"]
[WhiteElo "2200"]
[BlackElo "2427"]
[PlyCount "76"]
[EventDate "2007.??.??"]

1. e4 e5 2. Nf3 Nc6 3. Bb5 a6 4. Ba4 d6 5. c3 Bd7 6. O-O g6 7. d4 Bg7 8. d5
Nce7 9. Bxd7+ Qxd7 10. c4 h6 11. Nc3 f5 12. Qa4 Qxa4 13. Nxa4 b5 14. Nc3 fxe4
15. Nd2 bxc4 16. Nxc4 Nf6 17. Rd1 a5 18. a4 Kd7 19. b3 Nf5 20. Rb1 Nd4 21. b4
axb4 22. Rxb4 Rhb8 23. Rxb8 Rxb8 24. Nd2 Ra8 25. Re1 Nc2 26. Re2 Nb4 27. Ndxe4
Nfxd5 28. f3 Nb6 29. Rd2 Nc4 30. Rd1 Kc6 31. h4 d5 32. Ng3 d4 33. Nce4 Rxa4 34.
h5 g5 35. Nf5 Bf8 36. Nf6 Ra1 37. Nh7 Bc5 38. Kh2 Ne3 0-1

[Event "Moscow Open 2007"]
[Site "Moscow"]
[Date "2007.02.03"]
[Round "8"]
[White "Utkin, Aleksey"]
[Black "Galliamova, Alisa"]
[Result "0-1"]
[WhiteElo "2374"]
[BlackElo "2470"]
[PlyCount "108"]
[EventDate "2007.??.??"]

1. d4 Nf6 2. Nf3 e6 3. Bg5 c5 4. e3 h6 5. Bh4 cxd4 6. exd4 b6 7. Nbd2 Bb7 8.
Bd3 Be7 9. c3 d6 10. Bxf6 Bxf6 11. Be4 d5 12. Bd3 Nd7 13. O-O O-O 14. Qe2 Qc7
15. Rae1 Rad8 16. Ne5 Bxe5 17. dxe5 Nc5 18. f4 d4 19. c4 f5 20. exf6 Rxf6 21.
g3 Qc6 22. Ne4 Rf7 23. h3 Rc7 24. b3 Nxd3 25. Qxd3 b5 26. c5 b4 27. Rf2 a5 28.
Kh2 Ba6 29. Qf3 Qd5 30. Qg4 Qf5 31. Qh4 Rf8 32. g4 Qd5 33. g5 Bd3 34. Nf6+ gxf6
35. gxf6 Kh7 36. Re5 Qd8 37. Rxe6 Bf5 38. Rd6 Rd7 39. Rg2 Rg8 40. Rxg8 Qxg8 41.
f7 Qxf7 42. Qxh6+ Kg8 43. Qg5+ Kh8 44. Rf6 Qe7 45. Rxf5 Qe2+ 46. Qg2 d3 47.
Qxe2 dxe2 48. Re5 Rd2 49. Kg3 Rxa2 50. Kf2 a4 51. Rxe2 axb3 52. c6 Rc2 53. c7
Rxc7 54. Ke3 Re7+ 0-1

[Event "Moscow Open 2007"]
[Site "Moscow"]
[Date "2007.02.03"]
[Round "8"]
[White "Grabuzova, Tatiana"]
[Black "Sitnikov, Anton"]
[Result "0-1"]
[WhiteElo "2357"]
[BlackElo "2467"]
[PlyCount "112"]
[EventDate "2007.??.??"]

1. d4 Nf6 2. c4 c5 3. d5 e6 4. Nc3 exd5 5. cxd5 Bd6 6. Nf3 Bc7 7. d6 Ba5 8. Bg5
Qb6 9. Bxf6 Qxb2 10. Qc1 Qxc1+ 11. Rxc1 gxf6 12. g3 b6 13. Bg2 Bb7 14. O-O Bxc3
15. Rxc3 O-O 16. Re3 Nc6 17. Bh3 Rfe8 18. Nh4 Nd4 19. Re1 Bc6 20. Bf5 Rxe3 21.
fxe3 Nb5 22. Rd1 Re8 23. Rd3 c4 24. Rd2 Rxe3 25. a4 c3 26. Rd1 Na3 27. Rc1 Nc4
28. Bd3 Nxd6 29. Rxc3 Re5 30. Nf3 Ra5 31. Nd4 Bxa4 32. Rc7 h6 33. g4 Kf8 34.
Bf5 Ke7 35. e4 Kd8 36. Rc3 Rc5 37. Rd3 Rc4 38. h3 Ke7 39. Kf2 Bc2 40. Nxc2
Rxc2+ 41. Kg3 b5 42. Kh4 b4 43. Rxd6 Kxd6 44. e5+ Kxe5 45. Bxc2 Kd4 46. Bb3 Kc3
47. Bxf7 b3 48. Kh5 a5 49. Kxh6 a4 50. h4 a3 51. h5 a2 52. Kg7 a1=Q 53. h6 Kb4
54. Kg8 Qc1 55. h7 Qg5+ 56. Kf8 Qh6+ 0-1

[Event "Moscow Open 2007"]
[Site "Moscow"]
[Date "2007.02.03"]
[Round "8"]
[White "Gavrilov, Alexei"]
[Black "Okara, Andrey"]
[Result "1-0"]
[WhiteElo "2465"]
[BlackElo "2358"]
[PlyCount "62"]
[EventDate "2007.??.??"]

1. d4 d5 2. c4 dxc4 3. e3 Nf6 4. Bxc4 e6 5. Nf3 c5 6. O-O a6 7. Bb3 b5 8. a4
Bb7 9. axb5 axb5 10. Rxa8 Bxa8 11. Qe2 c4 12. Bc2 Be7 13. b3 cxb3 14. Qxb5+
Nbd7 15. Bxb3 O-O 16. Nbd2 Qc7 17. Qc4 Qa5 18. Bb2 Rb8 19. Ra1 Qh5 20. Ba3 Bxf3
21. Nxf3 Ra8 22. Qc1 Bxa3 23. Rxa3 Rxa3 24. Qxa3 g6 25. h3 Qb5 26. Qa2 Kg7 27.
Qc2 Nb6 28. Ne5 Nfd7 29. Nd3 Qa5 30. Qb2 Qf5 31. Bc2 Nd5 1-0

[Event "Moscow Open 2007"]
[Site "Moscow"]
[Date "2007.02.03"]
[Round "8"]
[White "Vorotnikov, Vladislav"]
[Black "Onoprienko, Vladimir"]
[Result "1/2-1/2"]
[WhiteElo "2437"]
[BlackElo "2354"]
[PlyCount "90"]
[EventDate "2007.??.??"]

1. d4 g6 2. Nf3 Bg7 3. e4 c5 4. dxc5 Qa5+ 5. Bd2 Qxc5 6. Nc3 Nf6 7. Qe2 O-O 8.
Qc4 Qxc4 9. Bxc4 Nc6 10. h3 d6 11. O-O-O Bd7 12. Rhe1 Rfc8 13. Bb3 Na5 14. Bg5
Nxb3+ 15. axb3 Be6 16. Nd4 h6 17. Nxe6 fxe6 18. Be3 Nd7 19. Bd4 Bxd4 20. Rxd4
Rc5 21. Nd1 a5 22. Ne3 b5 23. Rdd1 Rac8 24. f3 Nf6 25. Kb1 Kf7 26. Re2 Nh5 27.
Red2 Kf6 28. c3 R5c7 29. Rd4 Kg7 30. b4 a4 31. Nc2 g5 32. h4 Nf4 33. hxg5 hxg5
34. R4d2 e5 35. Ka2 Rh8 36. Ne3 Rh2 37. g3 Rxd2 38. Rxd2 Nh5 39. Nf5+ Kg6 40.
Rh2 g4 41. fxg4 Nf6 42. Rh8 Nxe4 43. Rg8+ Kf6 44. Rf8+ Kg6 45. Rg8+ Kf6 1/2-1/2

[Event "Moscow Open 2007"]
[Site "Moscow"]
[Date "2007.02.03"]
[Round "8"]
[White "Hambartsumian, Yuri"]
[Black "Bochkarev, Alexander"]
[Result "1/2-1/2"]
[WhiteElo "2354"]
[BlackElo "2434"]
[PlyCount "60"]
[EventDate "2007.??.??"]

1. e4 c5 2. Nf3 e6 3. d4 cxd4 4. Nxd4 Nf6 5. Nc3 Nc6 6. Nxc6 bxc6 7. e5 Nd5 8.
Ne4 f5 9. exf6 Nxf6 10. Nd6+ Bxd6 11. Qxd6 Ba6 12. Bxa6 Qa5+ 13. Bd2 Qxa6 14.
Bb4 O-O-O 15. Qd3 Qxd3 16. cxd3 d6 17. Rc1 Kd7 18. Rc4 Rb8 19. b3 Rhf8 20. Bd2
Rb7 21. O-O Nd5 22. Rfc1 c5 23. Rg4 g6 24. d4 cxd4 25. Rxd4 Rf7 26. Kf1 Ne7 27.
b4 e5 28. Rdc4 Nd5 29. a3 Rf8 30. Rh4 Rf7 1/2-1/2

[Event "Moscow Open 2007"]
[Site "Moscow"]
[Date "2007.02.03"]
[Round "8"]
[White "Mozharov, Mikhail"]
[Black "Reutsky, Sergei"]
[Result "1/2-1/2"]
[WhiteElo "2425"]
[BlackElo "2353"]
[PlyCount "100"]
[EventDate "2007.??.??"]

1. c4 Nf6 2. Nc3 g6 3. d4 Bg7 4. e4 d6 5. f3 O-O 6. Be3 Na6 7. Qd2 c5 8. d5 Nc7
9. Nge2 a6 10. a4 b6 11. g4 e6 12. Ng3 exd5 13. cxd5 Re8 14. Be2 Bb7 15. Bg5
Qd7 16. h4 b5 17. h5 Rab8 18. Bh6 Bh8 19. hxg6 fxg6 20. g5 b4 21. Nd1 Nfxd5 22.
exd5 Bxd5 23. Ne3 Rxe3 24. Qxe3 Bd4 25. Qd2 Qe6 26. Ne4 Bxe4 27. fxe4 Qxe4 28.
Rf1 Nd5 29. Qd3 Qh4+ 30. Kd2 Ne3 31. Rf3 c4 32. Qxc4+ Nxc4+ 33. Bxc4+ d5 34.
Bxd5+ Kh8 35. Raf1 Bc5 36. Kc1 Re8 37. Kb1 b3 38. Bxb3 Qb4 39. Ka2 Rb8 40. Ka1
a5 41. Ka2 Bd6 42. Ka1 Bc5 43. Ka2 Bd6 44. R1f2 Bc5 45. Rc2 Bd4 46. Rh2 Be5 47.
Rhf2 Bd6 48. Rc2 Be5 49. Rcf2 Bd6 50. Rf1 Bc5 1/2-1/2

[Event "Moscow Open 2007"]
[Site "Moscow"]
[Date "2007.02.03"]
[Round "8"]
[White "Paveliev, Alexey"]
[Black "Tjurin, Alexander P"]
[Result "1-0"]
[WhiteElo "2418"]
[BlackElo "2344"]
[PlyCount "113"]
[EventDate "2007.??.??"]

1. e4 e5 2. Bc4 Nf6 3. d3 c6 4. Nf3 d5 5. Bb3 Bd6 6. Bg5 Be6 7. Nc3 Qa5 8. O-O
Nbd7 9. Bd2 Qc7 10. exd5 Bxd5 11. Bxd5 Nxd5 12. Ng5 O-O 13. Qf3 h6 14. Nge4 f5
15. Ng3 Ne7 16. Rae1 Rae8 17. Nh5 Kh7 18. Qh3 Ng8 19. f4 g6 20. fxe5 Nxe5 21.
Nf4 Qd7 22. Kh1 Ng4 23. Rxe8 Rxe8 24. Qf3 N8f6 25. h3 Ne5 26. Qf2 b6 27. Qh4
Qg7 28. Nfe2 Rf8 29. Nd4 Nh5 30. Ne6 Qd7 31. Nxf8+ Bxf8 32. Ne2 Bg7 33. Bc3 Qd6
34. Nf4 Nf6 35. Qe1 Nfd7 36. d4 Nc4 37. Qe6 Nf6 38. Qxd6 Nxd6 39. Kg1 Nfe4 40.
Rd1 Nb5 41. Ne2 Nc7 42. Be1 Nd5 43. Rd3 a5 44. c4 Nc7 45. d5 cxd5 46. cxd5 Nc5
47. Rd1 Nd7 48. Bc3 Bf8 49. Nf4 Nb5 50. Ne6 Be7 51. a4 Nd6 52. Nd4 Nc4 53. Nb5
Bc5+ 54. Bd4 Kg8 55. Bxc5 Nxc5 56. Nc3 Kf7 57. Re1 1-0

[Event "Moscow Open 2007"]
[Site "Moscow"]
[Date "2007.02.03"]
[Round "8"]
[White "Maslov, Mikhail"]
[Black "Papin, Vasily"]
[Result "0-1"]
[WhiteElo "2336"]
[BlackElo "2416"]
[PlyCount "75"]
[EventDate "2007.??.??"]

1. e4 c5 2. Nc3 Nc6 3. f4 g6 4. Nf3 Bg7 5. g3 d6 6. Bg2 e6 7. O-O Nge7 8. d3
O-O 9. g4 f5 10. h3 Nd4 11. Ne1 Kh8 12. Be3 Rb8 13. Qd2 e5 14. fxe5 dxe5 15.
Bg5 fxg4 16. Nd5 Ndc6 17. h4 Rxf1+ 18. Bxf1 Qd6 19. Nxe7 Nxe7 20. c3 Ng8 21.
Nc2 Be6 22. Qh2 h6 23. Be3 Rd8 24. Be2 b6 25. Rf1 Kh7 26. h5 g5 27. b3 Nf6 28.
d4 cxd4 29. cxd4 Qc6 30. Bd3 Qc3 31. Qxe5 Nxh5 32. Qb5 Nf4 33. Rd1 Bxd4 34.
Nxd4 Rxd4 35. Bxf4 gxf4 36. e5+ Kg7 37. Qe8 Bf7 38. Qb8 0-1

[Event "Moscow Open 2007"]
[Site "Moscow"]
[Date "2007.02.03"]
[Round "8"]
[White "Kadimova, Ilaha"]
[Black "Burlov, Vassili"]
[Result "0-1"]
[WhiteElo "2333"]
[BlackElo "2410"]
[PlyCount "74"]
[EventDate "2007.??.??"]

1. d4 Nf6 2. c4 e6 3. Nc3 Bb4 4. Qc2 O-O 5. a3 Bxc3+ 6. Qxc3 d6 7. Bg5 Nbd7 8.
e3 b6 9. Bd3 c5 10. Ne2 Ba6 11. b4 Rc8 12. dxc5 bxc5 13. b5 Bb7 14. O-O Qc7 15.
f3 h6 16. Bh4 d5 17. Bg3 e5 18. Kh1 Rfe8 19. Rac1 d4 20. Qd2 Qd8 21. Bh4 Ra8
22. Bf5 Nb6 23. exd4 exd4 24. Ng3 Re3 25. f4 Qd6 26. Bd3 Ne4 27. Qc2 Nxg3+ 28.
Bxg3 Rae8 29. f5 Rxg3 30. hxg3 Qxg3 31. Rf2 Re3 32. Rd1 Nd7 33. Re2 Nf6 34.
Rxe3 dxe3 35. Kg1 Ng4 36. Kf1 e2+ 37. Qxe2 Bxg2+ 0-1

[Event "Moscow Open 2007"]
[Site "Moscow"]
[Date "2007.02.03"]
[Round "8"]
[White "Nebolsina, Vera"]
[Black "Krylov, Mikhail"]
[Result "0-1"]
[WhiteElo "2324"]
[BlackElo "2408"]
[PlyCount "74"]
[EventDate "2007.??.??"]

1. d4 Nf6 2. c4 g6 3. Nf3 Bg7 4. g3 O-O 5. Bg2 d6 6. O-O Nc6 7. Nc3 a6 8. h3
Rb8 9. e4 Nd7 10. Bg5 h6 11. Be3 Na5 12. Qa4 c5 13. dxc5 Nxc5 14. Bxc5 Bxc3 15.
Bxd6 Qxd6 16. bxc3 Qc7 17. e5 Nxc4 18. Rfe1 e6 19. Qc2 b5 20. Qc1 Kg7 21. Qf4
Bb7 22. Nh2 Qe7 23. Bxb7 Rxb7 24. Ng4 Qg5 25. Qe4 Rc7 26. h4 Qf5 27. Qd4 Rfc8
28. a4 Nd2 29. Qxd2 Qxg4 30. axb5 axb5 31. Rab1 Rxc3 32. Rxb5 Rc2 33. Qd1 Qf5
34. Qd4 Rd8 35. Qe3 Rd3 36. Qb6 Rxg3+ 37. fxg3 Qf3 0-1

[Event "Moscow Open 2007"]
[Site "Moscow"]
[Date "2007.02.03"]
[Round "8"]
[White "Chernobay, Artem"]
[Black "Kislov, Oleg"]
[Result "0-1"]
[WhiteElo "2408"]
[BlackElo "2324"]
[PlyCount "90"]
[EventDate "2007.??.??"]

1. e4 e6 2. d4 d5 3. Nc3 Nf6 4. Bg5 dxe4 5. Nxe4 Be7 6. Bxf6 gxf6 7. g3 f5 8.
Nc3 Bf6 9. Nf3 c5 10. Bb5+ Nc6 11. dxc5 Qa5 12. O-O Bd7 13. Rb1 O-O-O 14. Qe2
h5 15. Rfd1 h4 16. Rd6 hxg3 17. hxg3 Qb4 18. Nd2 Qxc5 19. Rd3 a6 20. b4 Qf8 21.
Rxd7 Kxd7 22. Bxc6+ bxc6 23. Na4 Qh6 24. Qf3 Qh2+ 25. Kf1 Ke7 26. Ke2 Qh5 27.
Qxh5 Rxh5 28. Nc5 Bd4 29. Ndb3 Rh2 30. Nxd4 Rxd4 31. c3 Rc4 32. Kd3 Rg4 33. Ke3
e5 34. Rd1 f4+ 35. Kf3 f5 36. Re1 fxg3 37. Rxe5+ Kf6 38. Re6+ Kg5 39. fxg3 Rh3
40. Rxc6 Rgxg3+ 41. Kf2 Rxc3 42. a4 Rc2+ 43. Kg1 Kg4 44. b5 Ra3 45. Ne6 Ra1#
0-1

[Event "Moscow Open 2007"]
[Site "Moscow"]
[Date "2007.02.03"]
[Round "8"]
[White "Vafin, Niaz"]
[Black "Nakhapetiane, Pogos"]
[Result "1/2-1/2"]
[WhiteElo "2308"]
[BlackElo "2408"]
[PlyCount "99"]
[EventDate "2007.??.??"]

1. e4 c5 2. Nf3 Nc6 3. d4 cxd4 4. Nxd4 Nf6 5. Nc3 e5 6. Ndb5 d6 7. Bg5 a6 8.
Na3 b5 9. Nd5 Be7 10. Bxf6 Bxf6 11. c3 Rb8 12. Nc2 O-O 13. Bd3 Bg5 14. O-O Be6
15. Nce3 Ne7 16. Nxe7+ Qxe7 17. Qe2 g6 18. a4 f5 19. axb5 axb5 20. f3 h5 21.
Nc2 Kg7 22. Nb4 fxe4 23. Bxe4 d5 24. Bd3 Qd6 25. Kh1 Bd8 26. Bxb5 e4 27. fxe4
dxe4 28. Ra7+ Bc7 29. Rxc7+ Qxc7 30. Na6 Qe5 31. Nxb8 Bg4 32. Qe3 Qxb5 33. Qd4+
Kg8 34. Rxf8+ Kxf8 35. Qf6+ Kg8 36. Qxg6+ Kh8 37. Qf6+ Kh7 38. Nc6 Qe2 39. h4
Bf3 40. Qe7+ Kh8 41. Qf8+ Kh7 42. Qf5+ Kh8 43. gxf3 exf3 44. Qxh5+ Kg7 45. Qg4+
Kh7 46. Qh5+ Kg7 47. Qg5+ Kh7 48. Qh5+ Kg7 49. Qe5+ Kh7 50. Qe7+ 1/2-1/2

[Event "Moscow Open 2007"]
[Site "Moscow"]
[Date "2007.02.03"]
[Round "8"]
[White "Yuferov, Sergey N"]
[Black "Fominykh, Maria"]
[Result "1/2-1/2"]
[WhiteElo "2407"]
[BlackElo "2316"]
[PlyCount "70"]
[EventDate "2007.??.??"]

1. d4 d5 2. c4 c6 3. Nc3 Nf6 4. e3 e6 5. Nf3 a6 6. a3 Nbd7 7. c5 e5 8. dxe5 Ne4
9. e6 Ndxc5 10. exf7+ Kxf7 11. Nxe4 Nxe4 12. Bd3 Nc5 13. Bc2 Qf6 14. O-O Bf5
15. e4 Bxe4 16. Ng5+ Kg8 17. Nxe4 Nxe4 18. Bxe4 dxe4 19. Be3 h6 20. Qc2 Re8 21.
Rad1 Bd6 22. Qb3+ Kh7 23. Qxb7 a5 24. g3 Be5 25. Rc1 Re6 26. Rc2 Rb8 27. Qa6
Rxb2 28. Rxb2 Bxb2 29. Qxa5 Rd6 30. Qa4 Qf3 31. Qb3 Rd2 32. Qb4 Rd1 33. Qxb2
Rxf1+ 34. Kxf1 Qd1+ 35. Kg2 Qf3+ 1/2-1/2

[Event "Moscow Open 2007"]
[Site "Moscow"]
[Date "2007.02.03"]
[Round "8"]
[White "Gagarin, Vasilij"]
[Black "Velikhanli, Firuza"]
[Result "1/2-1/2"]
[WhiteElo "2406"]
[BlackElo "2304"]
[PlyCount "69"]
[EventDate "2007.??.??"]

1. d4 d6 2. Nf3 g6 3. c4 Bg7 4. Nc3 Nf6 5. Bg5 O-O 6. e3 Nbd7 7. Qc2 c6 8. Be2
e5 9. Rd1 Qc7 10. O-O Re8 11. b4 Nf8 12. dxe5 dxe5 13. c5 Bf5 14. e4 Bg4 15.
Nd2 Bxe2 16. Nxe2 b5 17. Nb3 Ne6 18. Bc1 Rad8 19. Bb2 Nh5 20. g3 Ng5 21. h4 Ne6
22. Rxd8 Rxd8 23. Rd1 Rxd1+ 24. Qxd1 Nf6 25. f3 Qd7 26. Qxd7 Nxd7 27. Kf2 Kf8
28. Ke3 Ke7 29. Kd3 Kd8 30. Na5 Kc7 31. Bc1 Nd8 32. Bg5 Nb7 33. Nxb7 Kxb7 34.
Nc1 a5 35. a3 1/2-1/2

[Event "Moscow Open 2007"]
[Site "Moscow"]
[Date "2007.02.03"]
[Round "8"]
[White "Egorov, Dmitry"]
[Black "Donchenko, Anatoly G"]
[Result "1-0"]
[WhiteElo "2305"]
[BlackElo "2402"]
[PlyCount "101"]
[EventDate "2007.??.??"]

1. e4 Nf6 2. Nc3 d5 3. exd5 Nxd5 4. Bc4 Nb6 5. Be2 c5 6. a4 Nc6 7. Nf3 g6 8. d3
Bg7 9. Ne4 Nd5 10. O-O b6 11. a5 Rb8 12. axb6 axb6 13. c3 O-O 14. d4 cxd4 15.
Bb5 Bb7 16. Bxc6 Bxc6 17. Nxd4 Bb7 18. Re1 Ra8 19. Rxa8 Qxa8 20. Ng5 e5 21. Nc2
h6 22. Ne4 Nf4 23. Bxf4 Bxe4 24. Be3 Bxg2 25. Bxb6 Bh3 26. Ne3 Rb8 27. Qd5 Qb7
28. Ba5 Qxb2 29. Bb4 Be6 30. Qd3 Qa2 31. Rd1 Qa8 32. Qd6 Bb3 33. Rd2 Rc8 34.
Nd5 Bxd5 35. Rxd5 Bf8 36. Qd7 Bxb4 37. cxb4 Rc1+ 38. Rd1 Rc4 39. Qd8+ Qxd8 40.
Rxd8+ Kg7 41. b5 Rb4 42. Rb8 Kf6 43. b6 h5 44. Kg2 Kf5 45. h3 Rb3 46. b7 e4 47.
Kh2 Kf4 48. Kg2 Rb2 49. h4 e3 50. Re8 Rxf2+ 51. Kg1 1-0

[Event "Moscow Open 2007"]
[Site "Moscow"]
[Date "2007.02.03"]
[Round "8"]
[White "Polivanov, Anatoliy"]
[Black "Koshevoy, Sergey"]
[Result "1-0"]
[WhiteElo "2400"]
[BlackElo "2294"]
[PlyCount "87"]
[EventDate "2007.??.??"]

1. e4 c5 2. Nf3 e6 3. d4 cxd4 4. Nxd4 Nf6 5. Nc3 Nc6 6. g3 d5 7. exd5 Nxd5 8.
Bg2 Bb4 9. O-O Bxc3 10. Nxc6 bxc6 11. bxc3 Ba6 12. Re1 Qa5 13. c4 Ne7 14. Bb2
Rd8 15. Qg4 Rg8 16. Rad1 Rd7 17. Qe4 Qd8 18. Bf3 h6 19. Ba3 Bb7 20. Rxd7 Qxd7
21. Qe5 Bc8 22. Rd1 Qb7 23. Bc5 f6 24. Qh5+ g6 25. Qxh6 Nf5 26. Qd2 e5 27. c3
Kf7 28. Be4 Be6 29. g4 Bxc4 30. Qd7+ Qxd7 31. Rxd7+ Ke6 32. Bxc6 Be2 33. h3 Bf3
34. gxf5+ gxf5+ 35. Kf1 Bg2+ 36. Ke2 f4 37. Re7+ Kf5 38. Ba4 Rd8 39. Rg7 e4 40.
Bd4 Bf3+ 41. Kd2 Ke6 42. Rxa7 Rh8 43. Ra6+ Kf5 44. Bd7+ 1-0

[Event "Moscow Open 2007"]
[Site "Moscow"]
[Date "2007.02.03"]
[Round "8"]
[White "Mongontuul, Bathuyag"]
[Black "Shumilina, Alexandra"]
[Result "1-0"]
[WhiteElo "2397"]
[BlackElo "2277"]
[PlyCount "77"]
[EventDate "2007.??.??"]

1. e4 c5 2. Nf3 d6 3. d4 cxd4 4. Nxd4 Nf6 5. Nc3 a6 6. Be3 e5 7. Nf3 Be6 8. Ng5
b5 9. Nxe6 fxe6 10. g3 Nc6 11. Bh3 Qe7 12. O-O g6 13. Qd3 Bg7 14. Rad1 Rd8 15.
a4 Nb4 16. Qe2 bxa4 17. Nxa4 Nxe4 18. Bb6 Ng5 19. Bxd8 Nxh3+ 20. Kg2 Qxd8 21.
Kxh3 d5 22. c3 Qa5 23. Ra1 Nc6 24. b4 Qb5 25. Qg4 Kf7 26. Nc5 Re8 27. Nxa6 Re7
28. Nc5 Bf6 29. Rfe1 e4 30. Qf4 g5 31. Qe3 Ne5 32. Kg2 Nc4 33. Qe2 Nd6 34. Qh5+
Kg7 35. Ra6 Qb8 36. Rea1 h6 37. Ra8 Qb5 38. R1a6 Be5 39. R8a7 1-0

[Event "Moscow Open 2007"]
[Site "Moscow"]
[Date "2007.02.03"]
[Round "8"]
[White "Kedrov, Valery V"]
[Black "Rjabzev, Konstantin"]
[Result "1/2-1/2"]
[WhiteElo "2300"]
[BlackElo "2387"]
[PlyCount "60"]
[EventDate "2007.??.??"]

1. e4 e5 2. Nf3 Nc6 3. Bb5 a6 4. Bxc6 dxc6 5. O-O f6 6. d4 exd4 7. Nxd4 c5 8.
Nb3 Qxd1 9. Rxd1 Bg4 10. f3 Be6 11. Bf4 c4 12. Nd4 O-O-O 13. Nc3 Bf7 14. Nf5
Rxd1+ 15. Rxd1 Ne7 16. Nxe7+ Bxe7 17. Nd5 Bd8 18. Be3 Re8 19. Kf2 f5 20. exf5
Re5 21. Nc3 Rxf5 22. Bd4 g6 23. Re1 b5 24. Be5 b4 25. Nd1 Bh4+ 26. g3 Be7 27.
f4 Bc5+ 28. Kf1 c3 29. bxc3 Bc4+ 30. Kg2 Bd5+ 1/2-1/2

[Event "Moscow Open 2007"]
[Site "Moscow"]
[Date "2007.02.03"]
[Round "8"]
[White "Kutuzov, Denis"]
[Black "Potapov, Pavel"]
[Result "0-1"]
[WhiteElo "2293"]
[BlackElo "2380"]
[PlyCount "71"]
[EventDate "2007.??.??"]

1. b4 e5 2. a3 g6 3. Bb2 Bg7 4. f4 d6 5. e3 Ne7 6. Nf3 Nd7 7. Be2 O-O 8. fxe5
Nxe5 9. Nc3 Nf5 10. O-O Be6 11. Na4 b6 12. Rc1 Bd7 13. Nxe5 dxe5 14. b5 c5 15.
c4 Nd6 16. Rc2 Be6 17. Qa1 Re8 18. Re1 Qg5 19. Bf1 Rad8 20. Nc3 f5 21. Nd5 Bxd5
22. cxd5 Qe7 23. a4 e4 24. Bxg7 Qxg7 25. Qa2 g5 26. a5 f4 27. axb6 axb6 28. Qa6
Qc7 29. Ra2 Re7 30. Rea1 Nf5 31. Qa4 f3 32. gxf3 Nh4 33. d3 exf3 34. Qc4 Qd6
35. e4 Rf8 36. Bh3 0-1

[Event "Moscow Open 2007"]
[Site "Moscow"]
[Date "2007.02.03"]
[Round "8"]
[White "Matsenko, Sergei"]
[Black "Ivakhinova, Inna"]
[Result "1-0"]
[WhiteElo "2378"]
[BlackElo "2216"]
[PlyCount "55"]
[EventDate "2007.??.??"]

1. e4 c5 2. Nf3 d6 3. d4 cxd4 4. Qxd4 Nc6 5. Bb5 Bd7 6. Bxc6 Bxc6 7. Nc3 Nf6 8.
Bg5 e6 9. O-O-O Be7 10. Qd3 Qa5 11. h4 O-O 12. Nd4 Rfc8 13. f4 Rab8 14. Kb1 b5
15. Bxf6 Bxf6 16. Nce2 b4 17. g4 Rb6 18. Nb3 Qb5 19. Qe3 Qc4 20. Ng3 Ba4 21.
Qf2 Bxb3 22. cxb3 Qa6 23. g5 Be7 24. Qd4 Rb5 25. Qd3 Qb7 26. h5 e5 27. Nf5 exf4
28. Nxe7+ 1-0

[Event "Moscow Open 2007"]
[Site "Moscow"]
[Date "2007.02.03"]
[Round "8"]
[White "Filipenko, Alexander V"]
[Black "Tilicheev, Viacheslav"]
[Result "1-0"]
[WhiteElo "2376"]
[BlackElo "2039"]
[PlyCount "95"]
[EventDate "2007.??.??"]

1. d4 Nf6 2. c4 g6 3. Nc3 Bg7 4. e4 d6 5. Nge2 O-O 6. f3 e5 7. Bg5 Nc6 8. d5
Ne7 9. Qd2 Nh5 10. g4 Nf4 11. Nxf4 exf4 12. Bxf4 f5 13. h3 fxe4 14. fxe4 Rxf4
15. Qxf4 Be5 16. Qe3 Qf8 17. Be2 Qg7 18. g5 Bd7 19. O-O-O a6 20. Bg4 Bxg4 21.
hxg4 b5 22. Rh3 b4 23. Na4 c5 24. dxc6 Nxc6 25. Rdh1 Qf8 26. Rxh7 Nd4 27. Kb1
Qf3 28. Qxf3 Nxf3 29. Nb6 Re8 30. Ra7 Nxg5 31. Rxa6 Nxe4 32. Kc2 Nc5 33. Ra8
Rxa8 34. Nxa8 Na4 35. Kb3 Nxb2 36. Kxb4 Nd3+ 37. Kb5 Nf2 38. Rg1 Bd4 39. Nb6
Ne4 40. Rc1 Nc3+ 41. Rxc3 Bxc3 42. a4 Kg7 43. a5 Bxa5 44. Kxa5 Kf6 45. Kb5 Kg5
46. Nc8 Kxg4 47. Nxd6 Kf4 48. Nf7 1-0

[Event "Moscow Open 2007"]
[Site "Moscow"]
[Date "2007.02.03"]
[Round "8"]
[White "Shkurikhin, Ilia"]
[Black "Omariev, Maksim"]
[Result "1-0"]
[WhiteElo "2350"]
[BlackElo "2153"]
[PlyCount "93"]
[EventDate "2007.??.??"]

1. d4 d5 2. Nf3 Nf6 3. c4 c6 4. Nc3 dxc4 5. e4 b5 6. e5 Nd5 7. a4 e6 8. axb5
Nxc3 9. bxc3 cxb5 10. Ng5 Bb7 11. Qh5 g6 12. Qg4 Be7 13. Be2 Bd5 14. Ne4 h5 15.
Qf4 Nc6 16. Bf3 b4 17. O-O bxc3 18. Nd6+ Bxd6 19. Bxd5 exd5 20. exd6 O-O 21.
Ba3 Re8 22. Rfe1 Qd7 23. Bc5 Rxe1+ 24. Rxe1 Re8 25. Rc1 Re4 26. Qf6 Qe6 27.
Qxe6 fxe6 28. Kf1 Kf7 29. Rxc3 e5 30. dxe5 Rxe5 31. Rf3+ Rf5 32. Rc3 Ke6 33.
Ke2 a5 34. g3 g5 35. f3 Nb4 36. Re3+ Kf7 37. Re7+ Kf6 38. Bd4+ Kg6 39. d7 Nc6
40. Re6+ Kf7 41. Rxc6 Ke7 42. Rd6 Rf8 43. Rxd5 Rd8 44. Bb6 Rxd7 45. Rxd7+ Kxd7
46. Bxa5 Kc6 47. Ke3 1-0

[Event "Moscow Open 2007"]
[Site "Moscow"]
[Date "2007.02.03"]
[Round "8"]
[White "Girya, Olga"]
[Black "Ayupov, Damir"]
[Result "0-1"]
[WhiteElo "2235"]
[BlackElo "2403"]
[PlyCount "80"]
[EventDate "2007.??.??"]

1. e4 e6 2. d4 d5 3. Nd2 Nf6 4. e5 Nfd7 5. Bd3 c5 6. c3 Nc6 7. Ne2 cxd4 8. cxd4
f6 9. Nf4 Nxd4 10. Qh5+ Ke7 11. exf6+ Nxf6 12. Ng6+ hxg6 13. Qxh8 Kf7 14. Qh4
e5 15. Nf3 Nxf3+ 16. gxf3 Bf5 17. Bxf5 gxf5 18. Bg5 Qa5+ 19. Kf1 g6 20. Bxf6
Qa6+ 21. Kg2 Qxf6 22. Qa4 Qc6 23. Qb3 Bc5 24. Rhe1 Kf6 25. Rac1 b6 26. Qe3 Qd6
27. Qh6 a5 28. f4 e4 29. Rc3 Rg8 30. Rg1 Kf7 31. Qg5 Rh8 32. Kh1 d4 33. Rcg3 d3
34. Qxg6+ Qxg6 35. Rxg6 Bxf2 36. Rg7+ Kf8 37. R1g5 Bh4 38. R5g6 e3 39. Rd7 e2
40. Re6 Rh6 0-1

[Event "Moscow Open 2007"]
[Site "Moscow"]
[Date "2007.02.03"]
[Round "8"]
[White "Kopylov, Alexander A"]
[Black "Skurikhin, Dmitrij"]
[Result "1-0"]
[WhiteElo "2237"]
[BlackElo "2401"]
[PlyCount "75"]
[EventDate "2007.??.??"]

1. d4 Nf6 2. c4 e6 3. Nf3 Bb4+ 4. Nbd2 O-O 5. a3 Be7 6. g3 b6 7. Bg2 Bb7 8. O-O
d6 9. Re1 Nbd7 10. e4 e5 11. b4 c5 12. d5 cxb4 13. axb4 a5 14. b5 Rc8 15. Bb2
Nc5 16. Ra3 Nfd7 17. Bh3 Rc7 18. Kh1 Bc8 19. Ng1 Bf6 20. Qa1 Re8 21. Re2 Qe7
22. f4 g6 23. Ngf3 Qf8 24. f5 Qh6 25. Kg2 Nf8 26. Ng1 Bg5 27. Ndf3 gxf5 28.
exf5 Ncd7 29. Nxg5 Qxg5 30. Nf3 Qg7 31. Nd2 Bb7 32. Ne4 Rxc4 33. Nxd6 Bxd5+ 34.
Kg1 Qh6 35. Nxe8 Qxh3 36. Bxe5 Nxe5 37. Nf6+ Kg7 38. Nxd5 1-0

[Event "Moscow Open 2007"]
[Site "Moscow"]
[Date "2007.02.03"]
[Round "8"]
[White "Yuzhakov, Oleg"]
[Black "Sveshnikov, Vladimir"]
[Result "1/2-1/2"]
[WhiteElo "2221"]
[BlackElo "2359"]
[PlyCount "136"]
[EventDate "2007.??.??"]

1. d4 d5 2. e3 Nf6 3. Bd3 Bg4 4. Ne2 c5 5. c3 Nc6 6. dxc5 a5 7. Bd2 g6 8. f3
Bd7 9. O-O Bg7 10. Na3 Ne5 11. Bc2 Qc7 12. f4 Nc4 13. Nxc4 dxc4 14. e4 Qxc5+
15. Kh1 Ng4 16. Qe1 O-O 17. h3 Nf6 18. Rf3 e5 19. f5 gxf5 20. exf5 e4 21. Be3
Qe7 22. Rg3 Bxf5 23. Qf2 Bg6 24. Bc5 Qe5 25. Bxf8 Rxf8 26. Nf4 Nh5 27. Nxh5
Qxh5 28. Bxe4 Bxe4 29. Rxg7+ Kxg7 30. Qd4+ f6 31. Qxe4 b5 32. Re1 Rf7 33. Qe8
h6 34. Re3 Kh7 35. Qe6 Qg6 36. Rg3 Qxg3 37. Qxf7+ Qg7 38. Qxg7+ Kxg7 39. Kh2
Kg6 40. Kg3 Kg5 41. Kf3 f5 42. g3 Kf6 43. Kf4 Ke6 44. Ke3 Ke5 45. a4 bxa4 46.
g4 fxg4 47. hxg4 Kd5 48. Kf4 Kc5 49. Kf5 Kb5 50. Kg6 a3 51. bxa3 Ka4 52. Kxh6
Kxa3 53. g5 a4 54. g6 Kb2 55. g7 a3 56. g8=Q a2 57. Qb8+ Kc2 58. Qa7 Kb1 59.
Qb6+ Kc2 60. Qf2+ Kb1 61. Qe1+ Kb2 62. Qe2+ Kb3 63. Qf1 Kb2 64. Qxc4 a1=Q 65.
Qb5+ Kc2 66. c4 Qf6+ 67. Kh5 Kc3 68. Qd5 Qd4 1/2-1/2